Images par couleur - Jaune - Statistiques

Statistiques générales
  • Ce quiz a été pris 285 fois
  • Le résultat moyen est 11 sur 12
Statistiques - réponses
Par images Réponse % Correct
Banane
100%
Citron
100%
Tournesol
99%
Abeille
96%
Maïs
96%
Papillon
94%
Perroquet
94%
Poisson
86%
Voiture
86%
Snapchat
82%
Oiseau
80%
Emoji
75%
Aucun quiz correspondant
Distribution des résultats
% des personnes avec chaque résultat
Percentile par nombre de réponses
Votre historique - résultats
Vous n’avez pas pris ce quiz